ਪ੍ਰਸ਼ਨੋਤਰੀ (Record no. 1308576)

MARC details
000 -LEADER
fixed length control field 01026nam a22002417a 4500
005 - DATE AND TIME OF LATEST TRANSACTION
control field 20250409111601.0
008 - FIXED-LENGTH DATA ELEMENTS--GENERAL INFORMATION
fixed length control field 250409b |||||||| |||| 00| 0 eng d
020 ## - INTERNATIONAL STANDARD BOOK NUMBER
International Standard Book Number 978-81-19857-92-0 (pbk)
037 ## - SOURCE OF ACQUISITION
Terms of availability TB
040 ## - CATALOGING SOURCE
Original cataloging agency CRL
Transcribing agency CRL
041 ## - LANGUAGE CODE
Source of code pun
Language code of text/sound track or separate title pun
084 ## - COLON CLASSIFICATION NUMBER
Classification number Y73(P153):351 153R4
Assigning agency CRL
100 ## - MAIN ENTRY--PERSONAL NAME
Personal name ਕੌਰ, ਜਗਦੀਸ਼
245 ## - TITLE STATEMENT
Title ਪ੍ਰਸ਼ਨੋਤਰੀ
Remainder of title : ਪੰਜਾਬੀ ਸਭਿਆਚਾਰ, ਲੋਕਧਾਰਾ, ਭਾਸ਼ਾ ਅਤੇ ਇਤਿਹਾਸ ਬਾਰੇ
260 ## - PUBLICATION, DISTRIBUTION, ETC.
Place of publication, distribution, etc. ਪਟਿਆਲਾ, ਭਾਰਤ:
Name of publisher, distributor, etc. autumn ਆਰਟ,
Date of publication, distribution, etc. 2024.
300 ## - PHYSICAL DESCRIPTION
Extent 263 ਪ.
365 ## - TRADE PRICE
Price amount 350.00
Currency code INR
650 ## - SUBJECT ADDED ENTRY--TOPICAL TERM
Topical term or geographic name entry element ਸਮਾਂਜ ਸ਼ਾਸਤਰ
650 ## - SUBJECT ADDED ENTRY--TOPICAL TERM
Topical term or geographic name entry element ਸਭਿਆਚਾਰ
700 ## - ADDED ENTRY--PERSONAL NAME
Personal name ਕੌਰ, ਵੀਰਪਾਲ (Author)
9 (RLIN) 751980
942 ## - ADDED ENTRY ELEMENTS (KOHA)
Source of classification or shelving scheme Colon Classification (CC)
Koha item type Textbook
Classification part Y73(P153):351 153R4
Suppress in OPAC No
Holdings
Withdrawn status Lost status Source of classification or shelving scheme Damaged status Not for loan Home library Current library Date acquired Source of acquisition Cost, normal purchase price Inventory number Total Checkouts Full call number Barcode Date last seen Price effective from Koha item type
    Colon Classification (CC)     Central Library Central Library 2025-04-09 H.K. Prakashan 350.00 1692 & 27/01/2025   Y73(P153):351 153R4 CL1682773 2025-04-09 2025-04-09 Textbook
Copyright @ Delhi University Library System